00715nam a2200193Ia 4500952014600000999001700146003000400163005001700167008004100184020001800225040000900243082002200252100002800274245008700302260005000389300000900439650002300448942005000471 00102ddc40708SPORTS AND GAMESaMESbMEScPHYSd2019-02-20g195.00l0o796.358092 SAN/Ip35847r2019-02-20 00:00:00w2019-02-20yBKzU22R2 c32623d32623OSt20201013095552.0190216s9999||||xx |||||||||||||| ||und|| a9788172238216 coclc a796.358092bSAN/I aSanthanam, Vijay 95624 0aIf Cricket Is a Religion, Sachin Is God /cVijay Santhanam ; Shyam Balasubramanian bHarper Collins Publishers,c2010.aNew Delhi: a200p aPhysical Education cBK2ddch796.358092iSAN/Ik796.358092mSAN/I